ESP-Reyes de Asturias, León, Galicia y Castilla - Estadísticas

Estadísticas generales
  • Esta prueba ha sido intentada 116 veces
  • La puntuación promedio es 46 de 69
Estadísticas de respuestas
Período Nombre % Correcto
1037-1065 Fernando I
93%
1157-1188 Fernando II
93%
1217-1252 Fernando III
93%
1295-1312 Fernando IV
93%
1475-1504 Fernando V
93%
925-926 Alfonso Froilaz
88%
739-757 Alfonso I
88%
783 Alfonso II
88%
791-842 Alfonso II
88%
866-910 Alfonso III
88%
926-931 Alfonso IV
88%
1188-1230 Alfonso IX
88%
1111-1126 Alfonso Raimúndez
88%
999-1028 Alfonso V
88%
1065-1072 Alfonso VI
88%
1072 Alfonso VI
88%
1072-1109 Alfonso VI
88%
1071-1072 Alfonso VI de León
88%
1126-1157 Alfonso VII
88%
1158-1214 Alfonso VIII
88%
1252-1284 Alfonso X
88%
1312-1350 Alfonso XI
88%
1516-1556 Carlos I
87%
1506 Felipe I
87%
718-737 Pelayo
87%
1379-1390 Juan I
84%
1406-1454 Juan II
84%
1474-1504 Isabel I
81%
956-958 Sancho I
72%
960-966 Sancho I
72%
1065-1072 Sancho II
72%
1071-1072 Sancho II de Castilla
72%
1157-1158 Sancho III
72%
1284-1295 Sancho IV
72%
926-929 Sancho Ordóñez
72%
1504-1555 Juana I
69%
1096-1109 Urraca
68%
1109-1126 Urraca I
68%
1350-1366 Pedro I
65%
1367-1369 Pedro I
65%
1214-1217 Enrique I
61%
1366-1367 Enrique II
61%
1369-1379 Enrique II
61%
1390-1406 Enrique III
61%
1454-1474 Enrique IV
61%
910-914 Ordoño Adefónsiz
58%
850-866 Ordoño I
58%
914-924 Ordoño II
58%
951-956 Ordoño III
58%
958-960 Ordoño IV
58%
842-850 Ramiro I
54%
931-951 Ramiro II
54%
966-985 Ramiro III
54%
1065-1071 García
51%
910-914 García I
51%
757-768 Fruela I
46%
910-925 Fruela II
46%
924-925 Fruela II
46%
737-739 Favila
40%
789-791 Bermudo I
34%
985-999 Bermudo II
34%
1028-1037 Bermudo III
34%
981-985 Bermudo Ordóñez
34%
783-789 Mauregato
26%
1096-1107 Raimundo de Borgoña
24%
774-783 Silo
24%
768-774 Aurelio
22%
1217 Berenguela I
14%
842 Nepociano
9%
No se encontraron pruebas coincidentes
Distribución de puntuación
Porcentaje de gente con cada puntuación
Porcentaje por número respondido
Historial de tus puntuaciones
No has intentado esta prueba.